[Event "España tch - Primera División Grupo 1"]
[Site "Burguillos ESP"]
[Date "2008.08.14"]
[Round "2.14"]
[White "Fernandez Garcia, Jose Miguel"]
[Black "Suarez Real, Alberto"]
[Result "0-1"]
[WhiteElo "2135"]
[BlackElo "2401"]
[PlyCount "52"]
[EventDate "2008.08.13"]
[EventType "team"]
[EventCountry "ESP"]
[Source "lmi"]
[SourceDate "2008.08.13"]

1. e4 c5 2. Nf3 Nc6 3. d4 cxd4 4. Nxd4 Nf6 5. Nc3 e5 6. Ndb5 d6 7. Bg5 a6 8.
Bxf6 gxf6 9. Na3 f5 10. g3 fxe4 11. Bg2 Nd4 12. Bxe4 Be6 13. Qh5 Rg8 14. O-O
Bg4 15. Qxh7 Rg7 16. Qh8 f5 17. Bg2 f4 18. Nd5 Qg5 19. Nb6 Rd8 20. Nac4 Kf7 21.
Bd5+ Ne6 22. Nd2 Be7 23. h4 Qg6 24. Qxd8 Bxd8 25. Ne4 Bxb6 26. Nxd6+ Kg8 0-1

[Event "España tch - Primera División Grupo 1"]
[Site "Burguillos ESP"]
[Date "2008.08.14"]
[Round "2.22"]
[White "Razmyslov, Alexander"]
[Black "Camacho Collados, Jose"]
[Result "1-0"]
[WhiteElo "2387"]
[BlackElo "2276"]
[PlyCount "111"]
[EventDate "2008.08.13"]
[EventType "team"]
[EventCountry "ESP"]
[Source "lmi"]
[SourceDate "2008.08.13"]

1. e4 c6 2. d4 d5 3. exd5 cxd5 4. c4 Nf6 5. Nc3 g6 6. cxd5 Bg7 7. Bb5+ Nbd7 8.
d6 exd6 9. Qe2+ Qe7 10. Bf4 Qxe2+ 11. Bxe2 Ke7 12. O-O-O Nb6 13. Bf3 Rd8 14.
Nge2 d5 15. Bc7 Rd7 16. Be5 Bh6+ 17. Kb1 Rd8 18. Nf4 Bxf4 19. Bxf4 Bg4 20.
Rde1+ Kf8 21. Bg5 Bxf3 22. Bxf6 Bxg2 23. Be7+ Kg7 24. Bxd8 Rxd8 25. Rhg1 Bh3
26. Re7 Bd7 27. b3 h5 28. Re5 Kh6 29. Kb2 Be6 30. Nb5 a6 31. Nc7 Bf5 32. a4 Rd7
33. Ne8 Nc8 34. Rc1 Na7 35. Rc7 Nc6 36. Re3 Nxd4 37. Rxd7 Bxd7 38. Nd6 f5 39.
Rd3 Ne6 40. Rxd5 Bc6 41. Re5 Nd4 42. f4 Nf3 43. Re2 h4 44. Nf7+ Kh5 45. h3 Ng1
46. Re3 Nxh3 47. Rxh3 Kg4 48. Rc3 h3 49. Ne5+ Kxf4 50. Nxc6 bxc6 51. Rxh3 g5
52. Kc2 g4 53. Rh6 g3 54. Kd2 Kf3 55. Ke1 f4 56. Kf1 1-0

[Event "España tch - Primera División Grupo 1"]
[Site "Burguillos ESP"]
[Date "2008.08.14"]
[Round "2.23"]
[White "Camacho Collados, Marcos"]
[Black "Garrido Dominguez, Jesus"]
[Result "1-0"]
[WhiteElo "2230"]
[BlackElo "2324"]
[PlyCount "65"]
[EventDate "2008.08.13"]
[EventType "team"]
[EventCountry "ESP"]
[Source "lmi"]
[SourceDate "2008.08.13"]

1. d4 d6 2. Nf3 Nf6 3. c4 g6 4. Nc3 Bg7 5. e4 Na6 6. Be2 O-O 7. O-O e5 8. Be3
Ng4 9. Bg5 Qe8 10. c5 h6 11. Bh4 exd4 12. Nxd4 dxc5 13. Nb3 Nf6 14. Bxa6 bxa6
15. Nxc5 g5 16. Bg3 Qc6 17. e5 Ng4 18. Qd4 Re8 19. Rfe1 h5 20. h3 h4 21. Bh2
Nxh2 22. Kxh2 Bf5 23. Nd5 Kh8 24. Nb4 Qb6 25. Rad1 Rad8 26. Qxd8 Rxd8 27. Rxd8+
Kh7 28. Nbd3 Qa5 29. Re3 Qxa2 30. Rf3 Kg6 31. Rg8 Bxd3 32. Nxd3 Qe6 33. Rf6+
1-0

[Event "España tch - Primera División Grupo 1"]
[Site "Burguillos ESP"]
[Date "2008.08.14"]
[Round "2.24"]
[White "Barrero Garcia, Carlos"]
[Black "Fernandez Montoro, Jorge"]
[Result "1-0"]
[WhiteElo "2339"]
[BlackElo "2201"]
[PlyCount "77"]
[EventDate "2008.08.13"]
[EventType "team"]
[EventCountry "ESP"]
[Source "lmi"]
[SourceDate "2008.08.13"]

1. d4 Nf6 2. c4 g6 3. Nc3 Bg7 4. e4 O-O 5. Bg5 h6 6. Be3 d6 7. f3 e5 8. d5 c6
9. Qd2 cxd5 10. cxd5 a6 11. Bd3 b5 12. Nge2 Nbd7 13. O-O Kh7 14. b4 Nh5 15. a4
bxa4 16. Rxa4 Qc7 17. Rc1 Nb6 18. Nd1 Qb8 19. Ra5 Nf4 20. Nxf4 exf4 21. Bxf4
Nd7 22. Be3 Ne5 23. Be2 g5 24. b5 f5 25. bxa6 Bd7 26. exf5 Rxf5 27. Nc3 Kh8 28.
Ne4 Rf7 29. a7 Qf8 30. Qb4 g4 31. Qxd6 gxf3 32. Qxf8+ Rfxf8 33. gxf3 Nxf3+ 34.
Bxf3 Rxf3 35. Bf2 Bh3 36. Rb1 Be5 37. d6 Rxf2 38. Kxf2 Bd4+ 39. Kg3 1-0

[Event "España tch - Primera División Grupo 1"]
[Site "Burguillos ESP"]
[Date "2008.08.14"]
[Round "2.31"]
[White "Karim, Ismael"]
[Black "Cabrera, Alexis"]
[Result "0-1"]
[BlackElo "2513"]
[PlyCount "80"]
[EventDate "2008.08.13"]
[EventType "team"]
[EventCountry "ESP"]
[Source "lmi"]
[SourceDate "2008.08.13"]
[WhiteElo "2398"]

1. e4 c5 2. Nf3 Nc6 3. Nc3 e6 4. d4 cxd4 5. Nxd4 Qc7 6. Ndb5 Qb8 7. a4 Nf6 8.
g3 Be7 9. Bg2 a6 10. Nd4 Qc7 11. O-O d6 12. Nb3 b6 13. f4 Bb7 14. Be3 O-O 15.
g4 Rfe8 16. g5 Nd7 17. Qh5 g6 18. Qh4 Na5 19. Rad1 Nc4 20. Bc1 b5 21. Rd3 b4
22. Rh3 h5 23. Bf3 bxc3 24. Bxh5 Kg7 25. Bxg6 Rh8 26. Bh7 Kf8 27. Qh6+ Ke8 28.
g6 Nf6 29. g7 Kd7 30. gxh8=Q Rxh8 31. Qg7 Qb6+ 32. Rf2 cxb2 33. Bxb2 Nxb2 34.
Qxh8 Nd1 35. Rhf3 Nxf2 36. Rxf2 Qe3 37. Qb8 Bxe4 38. Bxe4 Nxe4 39. Qb7+ Ke8 40.
Qc8+ Bd8 0-1

[Event "España tch - Primera División Grupo 1"]
[Site "Burguillos ESP"]
[Date "2008.08.14"]
[Round "2.32"]
[White "Garcia Roman, Daniel"]
[Black "Cruz Ravina, Francisco Javier"]
[Result "1/2-1/2"]
[WhiteElo "2428"]
[BlackElo "2337"]
[PlyCount "141"]
[EventDate "2008.08.13"]
[EventType "team"]
[EventCountry "ESP"]
[Source "lmi"]
[SourceDate "2008.08.13"]

1. d4 Nf6 2. c4 d6 3. Nc3 e5 4. Nf3 Nbd7 5. Bg5 Be7 6. e3 O-O 7. Qc2 Ne8 8.
Bxe7 Qxe7 9. O-O-O f5 10. Nd5 Qd8 11. dxe5 dxe5 12. Be2 c6 13. Nc3 Qe7 14. h3
Ndf6 15. Rdg1 g6 16. Nd2 Ng7 17. g4 Be6 18. gxf5 Bxf5 19. Bd3 Bxd3 20. Qxd3
Rad8 21. Qc2 Ne6 22. Nce4 Nc5 23. Nxc5 Qxc5 24. Rg2 Qd6 25. Rhg1 Qd3 26. Qxd3
Rxd3 27. Nf3 Nd7 28. Kc2 Rd6 29. Ng5 Nf6 30. Rd1 Rfd8 31. Rxd6 Rxd6 32. h4 c5
33. a3 Kf8 34. Nf3 Re6 35. Nd2 Rd6 36. b4 cxb4 37. axb4 Ra6 38. Kb2 Rd6 39. Kc2
Ra6 40. Kb3 Ra1 41. Rg5 Rd1 42. Kc2 Rh1 43. Rxe5 Rxh4 44. Rc5 Rh2 45. Rc8+ Ke7
46. Rc7+ Ke6 47. Rxb7 Rxf2 48. Kd3 h5 49. Rxa7 h4 50. Ra6+ Ke7 51. Ne4 Nxe4 52.
Kxe4 Kf7 53. Ra7+ Kf6 54. b5 Rb2 55. Kf3 Kf5 56. Rf7+ Ke6 57. Rh7 g5 58. Ke4
Rb4 59. Rh6+ Kf7 60. Kf5 Rxc4 61. b6 Rc5+ 62. Kg4 Rb5 63. e4 Ke7 64. b7 Kd7 65.
e5 Rxb7 66. e6+ Kd6 67. e7+ Kd7 68. Kxg5 Rb1 69. Re6 Ke8 70. Re3 Rf1 71. Kxh4
1/2-1/2

[Event "España tch - Primera División Grupo 1"]
[Site "Burguillos ESP"]
[Date "2008.08.14"]
[Round "2.33"]
[White "Osuna Vega, Enrique"]
[Black "Pena Riasco, Alexander"]
[Result "1-0"]
[WhiteElo "2134"]
[BlackElo "2256"]
[PlyCount "77"]
[EventDate "2008.08.13"]
[EventType "team"]
[EventCountry "ESP"]
[Source "lmi"]
[SourceDate "2008.08.13"]

1. d4 Nf6 2. Nf3 d6 3. Nc3 g6 4. e4 Bg7 5. Be3 Nbd7 6. Qd2 Ng4 7. Bg5 f6 8. Bf4
e5 9. dxe5 Ngxe5 10. Be2 Nxf3+ 11. Bxf3 Ne5 12. Be2 Be6 13. O-O-O Qe7 14. Be3
Nc4 15. Bxc4 Bxc4 16. Rhe1 O-O 17. h4 Qf7 18. Kb1 Qd7 19. f3 Bf7 20. h5 gxh5
21. Bh6 Rae8 22. Bxg7 Kxg7 23. Rg1 Kh8 24. g4 hxg4 25. Rxg4 Be6 26. Rh4 Re7 27.
Qd4 a6 28. f4 Qe8 29. f5 Bg8 30. b3 Rg7 31. Ne2 Qe5 32. Qe3 a5 33. Nf4 Bf7 34.
Rdh1 Rfg8 35. Ng6+ Bxg6 36. fxg6 Re8 37. Rxh7+ Rxh7 38. Rxh7+ Kg8 39. Rh8+ 1-0

[Event "España tch - Primera División Grupo 1"]
[Site "Burguillos ESP"]
[Date "2008.08.14"]
[Round "2.34"]
[White "Defez Gomez, Juan Francisco"]
[Black "Viñas Guerrero, Carlos A"]
[Result "1-0"]
[WhiteElo "2196"]
[BlackElo "2109"]
[PlyCount "126"]
[EventDate "2008.08.13"]
[EventType "team"]
[EventCountry "ESP"]
[Source "lmi"]
[SourceDate "2008.08.13"]

1. e4 c5 2. Nc3 Nc6 3. g3 Nf6 4. Bg2 e6 5. d3 Be7 6. Nge2 a6 7. O-O O-O 8. h3
d6 9. g4 Bd7 10. f4 Rc8 11. Be3 b5 12. Ng3 b4 13. Nce2 Ne8 14. g5 f5 15. h4 Nc7
16. exf5 exf5 17. d4 Na5 18. b3 Qe8 19. Bf2 Nb5 20. Re1 Bc6 21. d5 Bd7 22. Qd2
Qd8 23. c4 bxc3 24. Nxc3 Nb7 25. Na4 Re8 26. Qd3 g6 27. h5 Bf8 28. h6 Qa5 29.
Qc4 Rxe1+ 30. Bxe1 Qc7 31. Bf2 Re8 32. Re1 Rxe1+ 33. Bxe1 Qd8 34. Bf2 Qe8 35.
Nb6 Nc7 36. Qc2 a5 37. Nc4 a4 38. Qb2 Bb5 39. bxa4 Bxc4 40. Qxb7 Na8 41. a5
Bxa2 42. a6 Qd8 43. a7 Nb6 44. Qb8 Be7 45. a8=Q Nxa8 46. Qb2 Bf8 47. Qxa2 Nb6
48. Qe2 Qd7 49. Qa6 Nc8 50. Qc6 Qd8 51. Qa8 Qc7 52. Bf1 Ne7 53. Bg2 Qb6 54. Qa2
Qb4 55. Ne2 Nc8 56. Qc2 Nb6 57. Be3 Nc4 58. Bf2 Nb6 59. Qc3 Qb1+ 60. Kh2 Qd1
61. Qe3 Nc4 62. Qe6+ Kh8 63. Qf7 Qd2 1-0

[Event "España tch - Primera División Grupo 1"]
[Site "Burguillos ESP"]
[Date "2008.08.14"]
[Round "2.42"]
[White "Wojtaszek, Radoslaw"]
[Black "Fernandez Barrera, Victor"]
[Result "1-0"]
[WhiteElo "2593"]
[BlackElo "2319"]
[PlyCount "73"]
[EventDate "2008.08.13"]
[EventType "team"]
[EventCountry "ESP"]
[Source "lmi"]
[SourceDate "2008.08.13"]

1. Nf3 Nf6 2. c4 g6 3. Nc3 d5 4. Qa4+ Bd7 5. Qb3 dxc4 6. Qxc4 Bg7 7. e4 Bc6 8.
d3 O-O 9. Be2 Nbd7 10. O-O e5 11. b4 a6 12. Be3 Re8 13. Rfd1 Nb6 14. Qb3 Qe7
15. a4 Bd7 16. Bc5 Qe6 17. Qc2 h6 18. d4 exd4 19. Nxd4 Qe5 20. a5 Nc8 21. Nf3
Qe6 22. e5 Ng4 23. Nd5 Qc6 24. Qb3 Be6 25. Bc4 b5 26. axb6 cxb6 27. Nd4 Qb7 28.
Nxe6 fxe6 29. Nxb6 Nxb6 30. Bxe6+ Kh8 31. Bxg4 Bxe5 32. Bf3 Qg7 33. Bxa8 Bxa1
34. Bc6 Rb8 35. Bxb6 Rxb6 36. Rd8+ Kh7 37. Qe6 1-0

[Event "España tch - Primera División Grupo 1"]
[Site "Burguillos ESP"]
[Date "2008.08.14"]
[Round "2.43"]
[White "Espinosa Aranda, Angel"]
[Black "Arizmendi Martinez, Julen Luis"]
[Result "0-1"]
[WhiteElo "2313"]
[BlackElo "2524"]
[PlyCount "78"]
[EventDate "2008.08.13"]
[EventType "team"]
[EventCountry "ESP"]
[Source "lmi"]
[SourceDate "2008.08.13"]

1. e4 e6 2. d4 d5 3. Nc3 Nc6 4. Nf3 Nf6 5. Bd3 Bb4 6. exd5 exd5 7. O-O Bg4 8.
Re1+ Be7 9. Be2 O-O 10. Ne5 Bxe2 11. Nxc6 Bxd1 12. Nxd8 Raxd8 13. Nxd1 Bb4 14.
c3 Rde8 15. Be3 Bd6 16. f3 Re6 17. Nf2 Rfe8 18. Bd2 Re2 19. Ng4 Nxg4 20. fxg4
Kf8 21. Rxe2 Rxe2 22. Rd1 Re4 23. h3 Bg3 24. Kf1 Ke7 25. Be1 Bd6 26. Bh4+ Ke6
27. Re1 f5 28. gxf5+ Kxf5 29. Rxe4 Kxe4 30. Ke2 g6 31. Bf2 c5 32. Be3 c4 33.
Bd2 b5 34. a3 Bf4 35. Bxf4 Kxf4 36. Kf2 g5 37. Ke2 Kg3 38. Kf1 h5 39. Kg1 g4
0-1

[Event "España tch - Primera División Grupo 1"]
[Site "Burguillos ESP"]
[Date "2008.08.14"]
[Round "2.44"]
[White "Sanchez Guirado, Francisco"]
[Black "Garcia Moral Garcia, Jose Daniel"]
[Result "1/2-1/2"]
[WhiteElo "2415"]
[BlackElo "2298"]
[PlyCount "84"]
[EventDate "2008.08.13"]
[EventType "team"]
[EventCountry "ESP"]
[Source "lmi"]
[SourceDate "2008.08.13"]

1. d4 Nf6 2. g3 g6 3. Bg2 Bg7 4. e4 d6 5. Nc3 Nfd7 6. Nge2 e5 7. O-O Nc6 8. Be3
O-O 9. h3 exd4 10. Nxd4 Nxd4 11. Bxd4 Bxd4 12. Qxd4 Qf6 13. Rad1 Qxd4 14. Rxd4
Nb6 15. a4 Be6 16. b3 a6 17. f4 a5 18. g4 f6 19. Rfd1 g5 20. Nb5 Rac8 21. Nxd6
cxd6 22. Rxd6 Nxa4 23. bxa4 Ba2 24. Rb6 Rxc2 25. Rxb7 gxf4 26. Rb5 Bc4 27. Rxa5
Be2 28. Re1 f3 29. Bf1 Re8 30. e5 Ba6 31. Rb1 Bxf1 32. Rxf1 Rxe5 33. Rxe5 fxe5
34. Rxf3 Ra2 35. Re3 Rxa4 36. Rxe5 Ra2 37. Rf5 Kg7 38. Rf2 Ra3 39. Kg2 Kg6 40.
Rf3 Rxf3 41. Kxf3 h5 42. Kf4 hxg4 1/2-1/2

[Event "España tch - Primera División Grupo 1"]
[Site "Burguillos ESP"]
[Date "2008.08.14"]
[Round "2.51"]
[White "Ruiz Sanchez, Andres"]
[Black "Baklan, Vladimir"]
[Result "1/2-1/2"]
[WhiteElo "2212"]
[BlackElo "2630"]
[PlyCount "104"]
[EventDate "2008.08.13"]
[EventType "team"]
[EventCountry "ESP"]
[Source "lmi"]
[SourceDate "2008.08.13"]

1. d4 Nf6 2. Bf4 c6 3. c4 Qb6 4. b3 d6 5. Nf3 g6 6. Nc3 Bg7 7. Rc1 O-O 8. h3
Re8 9. e3 Qa5 10. Qd2 e5 11. Bh2 exd4 12. Nxd4 d5 13. Be2 dxc4 14. Bxc4 Rd8 15.
Ne4 Qxd2+ 16. Nxd2 Nbd7 17. Bc7 Re8 18. O-O Nb6 19. Rfd1 Nfd5 20. Bg3 Bd7 21.
a4 Nb4 22. a5 Nxc4 23. Nxc4 c5 24. Nf3 Be6 25. Ng5 Na2 26. Rc2 Nc3 27. Nxe6
Rxe6 28. Rd7 b6 29. Rb7 Ne4 30. Bb8 bxa5 31. Bxa7 Ra6 32. Bb8 a4 33. bxa4 Rxa4
34. f3 Rb4 35. Nb6 Nc3 36. Bd6 Ra1+ 37. Kh2 h5 38. Rb8+ Kh7 39. Nd7 Rxb8 40.
Bxb8 Nd5 41. Be5 Bxe5+ 42. Nxe5 Nxe3 43. Rxc5 Ra2 44. Nxf7 Rxg2+ 45. Kh1 Rd2
46. Ng5+ Kg7 47. Rc7+ Kf8 48. Ne6+ Ke8 49. Rg7 Nf5 50. Nc7+ Kd8 51. Ne6+ Ke8
52. Nc7+ Kd8 1/2-1/2

[Event "España tch - Primera División Grupo 1"]
[Site "Burguillos ESP"]
[Date "2008.08.14"]
[Round "2.52"]
[White "Jansa, Vlastimil"]
[Black "Ruiz Sanchez, Miguel Angel"]
[Result "1-0"]
[WhiteElo "2485"]
[BlackElo "2181"]
[PlyCount "75"]
[EventDate "2008.08.13"]
[EventType "team"]
[EventCountry "ESP"]
[Source "lmi"]
[SourceDate "2008.08.13"]

1. e4 d5 2. exd5 Nf6 3. Nf3 Nxd5 4. d4 g6 5. g3 Bg7 6. Bg2 O-O 7. O-O Nb6 8.
Qe2 Nc6 9. c3 Be6 10. Rd1 Qc8 11. Nbd2 Bg4 12. Nf1 e5 13. d5 Ne7 14. Ne3 e4 15.
Nxg4 Qxg4 16. h3 Qd7 17. Qxe4 Nexd5 18. Qc2 Rad8 19. Bf4 Qa4 20. b3 Qa5 21. Bg5
Qxc3 22. Qxc3 Bxc3 23. Bxd8 Bxa1 24. Bxc7 Nxc7 25. Rxa1 Rd8 26. Rc1 Ncd5 27.
Kf1 Kf8 28. Ke2 Nb4 29. a3 Nc6 30. Rc3 Nd5 31. Rd3 Nf6 32. Rxd8+ Nxd8 33. Kd3
Ke7 34. Nd4 Kd7 35. Kc4 Ne8 36. h4 Nc7 37. b4 Nc6 38. Bxc6+ 1-0

[Event "España tch - Primera División Grupo 1"]
[Site "Burguillos ESP"]
[Date "2008.08.14"]
[Round "2.53"]
[White "Torres Moreno, Juan"]
[Black "Martinez Martin, David"]
[Result "1/2-1/2"]
[WhiteElo "2138"]
[BlackElo "2415"]
[PlyCount "48"]
[EventDate "2008.08.13"]
[EventType "team"]
[EventCountry "ESP"]
[Source "lmi"]
[SourceDate "2008.08.13"]

1. d4 Nf6 2. Nf3 g6 3. Nc3 d5 4. Bf4 Bg7 5. e3 O-O 6. Ne5 Nc6 7. Be2 Nd7 8.
Nxd7 Qxd7 9. Bf3 e6 10. h4 Ne7 11. h5 c6 12. g4 f6 13. hxg6 Nxg6 14. Bh6 e5 15.
Qd2 e4 16. Be2 f5 17. gxf5 Qxf5 18. O-O-O Qxf2 19. Bxg7 Kxg7 20. Rdg1 Be6 21.
Nd1 Qf6 22. Bh5 Bf5 23. Qh2 Kh8 24. Nf2 Qg7 1/2-1/2

[Event "España tch - Primera División Grupo 1"]
[Site "Burguillos ESP"]
[Date "2008.08.14"]
[Round "2.61"]
[White "Jimenez Villena, Francisco Jose"]
[Black "Barrantes Muñoz, Hugo Pedro"]
[Result "0-1"]
[WhiteElo "2274"]
[BlackElo "2200"]
[PlyCount "102"]
[EventDate "2008.08.13"]
[EventType "team"]
[EventCountry "ESP"]
[Source "lmi"]
[SourceDate "2008.08.13"]

1. Nf3 g6 2. c4 Bg7 3. g3 c5 4. Bg2 Nc6 5. O-O d6 6. Nc3 e5 7. d3 Nge7 8. a3 a5
9. Nd5 O-O 10. Rb1 Rb8 11. Bd2 Nxd5 12. cxd5 Ne7 13. e4 b5 14. b4 cxb4 15. axb4
a4 16. Ne1 Bd7 17. Bc3 Rc8 18. Ba1 Qb6 19. Kh1 f5 20. f4 exf4 21. Bxg7 Kxg7 22.
gxf4 fxe4 23. dxe4 Rc4 24. Qd2 Qd4 25. Qe2 Rxb4 26. Rd1 Qc4 27. Qf2 Ng8 28. e5
Rxf4 29. Qxf4 Qxf4 30. Rxf4 Rxf4 31. e6 Be8 32. Rc1 Nf6 33. Rc7+ Kf8 34. Nf3 a3
35. Ra7 Ra4 36. Rxa4 bxa4 37. Ne1 Bb5 38. Nc2 a2 39. Kg1 Bd3 40. Na1 Ng4 41.
Bf1 Bxf1 42. Kxf1 Ne3+ 43. Ke2 Nxd5 44. Kd3 Ke7 45. Kc2 g5 46. Kb2 Ne3 47. Kxa2
h5 48. Ka3 h4 49. Kxa4 g4 50. Nb3 g3 51. hxg3 h3 0-1

[Event "España tch - Primera División Grupo 1"]
[Site "Burguillos ESP"]
[Date "2008.08.14"]
[Round "2.62"]
[White "Moreno Portillo, Rafael"]
[Black "Tudela Corbalan, Carlos"]
[Result "0-1"]
[WhiteElo "2187"]
[BlackElo "2191"]
[PlyCount "48"]
[EventDate "2008.08.13"]
[EventType "team"]
[EventCountry "ESP"]
[Source "lmi"]
[SourceDate "2008.08.13"]

1. d4 f5 2. g3 Nf6 3. Bg2 g6 4. Nh3 Bg7 5. O-O O-O 6. Nc3 d6 7. f3 e5 8. e3 Nc6
9. Nf2 Kh8 10. d5 Ne7 11. e4 f4 12. gxf4 exf4 13. Nh3 Nh5 14. Ne2 Be5 15. c4 g5
16. Nxg5 Nxd5 17. Ne6 Bxe6 18. cxd5 Bd7 19. Bd2 Rg8 20. Bc3 Bh3 21. Rf2 Qh4 22.
Bxe5+ dxe5 23. Qe1 Bxg2 24. Rxg2 Qh3 0-1

[Event "España tch - Primera División Grupo 1"]
[Site "Burguillos ESP"]
[Date "2008.08.14"]
[Round "2.63"]
[White "Ibarra Jerez, Juan Miguel"]
[Black "Jimenez Miñon, Jose Daniel"]
[Result "1-0"]
[WhiteElo "2186"]
[BlackElo "2083"]
[PlyCount "47"]
[EventDate "2008.08.13"]
[EventType "team"]
[EventCountry "ESP"]
[Source "lmi"]
[SourceDate "2008.08.13"]

1. e4 c5 2. Nf3 d6 3. d4 cxd4 4. Nxd4 Nf6 5. Nc3 a6 6. Be3 Nc6 7. Qd2 Ng4 8.
Bg5 Nf6 9. O-O-O e5 10. Nb3 Be6 11. f3 Qc7 12. Kb1 Rd8 13. Qf2 Be7 14. Be3 Nd7
15. g4 O-O 16. Rg1 Ncb8 17. g5 Nc5 18. h4 Rfe8 19. h5 g6 20. Rh1 Bf8 21. Bh3
Qe7 22. hxg6 fxg6 23. Bxe6+ Nxe6 24. Nd5 1-0

[Event "España tch - Primera División Grupo 1"]
[Site "Burguillos ESP"]
[Date "2008.08.14"]
[Round "2.64"]
[White "Gonzalez Marquez, Antonio Jesus"]
[Black "Garre Murcia, Pedro"]
[Result "1-0"]
[WhiteElo "2076"]
[BlackElo "2171"]
[PlyCount "123"]
[EventDate "2008.08.13"]
[EventType "team"]
[EventCountry "ESP"]
[Source "lmi"]
[SourceDate "2008.08.13"]

1. e4 c5 2. Nf3 e6 3. d4 cxd4 4. Nxd4 a6 5. Nc3 b5 6. a3 d6 7. g3 Bb7 8. Bg2
Nf6 9. O-O Qc7 10. Nb3 Be7 11. Bf4 Nbd7 12. Qe2 O-O 13. Rfd1 Rac8 14. Rac1 Rfe8
15. Rd3 h6 16. Qd2 Ne5 17. Bxe5 dxe5 18. Qe3 Nd7 19. h4 Nb6 20. Na5 Ba8 21. Ne2
Bc5 22. Qd2 Qa7 23. Qe1 Na4 24. b4 Bb6 25. Nb3 Nb2 26. Rc3 Nc4 27. Nd2 Nxd2 28.
Qxd2 Bxf2+ 29. Kh2 Bd4 30. Rd3 Bb6 31. Rd1 Bc6 32. Qe1 Qb7 33. Ng1 Qe7 34. Nf3
Qf6 35. Qe2 Rc7 36. Rd6 Ba7 37. c4 Bb8 38. c5 Rcc8 39. R6d3 Red8 40. Rxd8+ Rxd8
41. Rd3 Bc7 42. Rxd8+ Qxd8 43. Bf1 Bb7 44. Qd3 Qe7 45. Ne1 Bc6 46. Be2 Qf6 47.
Qf3 Qd8 48. Qd3 Qd4 49. Bf3 Qf2+ 50. Ng2 Kh7 51. Qe3 Qc2 52. Kg1 a5 53. Ne1 Qb1
54. Qc3 axb4 55. axb4 Bxe4 56. Bxe4+ Qxe4 57. Qc2 Qf5 58. Qxf5+ exf5 59. Nc2 e4
60. Na3 Bxg3 61. Nxb5 Be1 62. c6 1-0

[Event "España tch - Primera División Grupo 1"]
[Site "Burguillos ESP"]
[Date "2008.??.??"]
[Round "2.71"]
[White "Cramling, Pia"]
[Black "Almagro Llamas, Pablo"]
[Result "1-0"]
[PlyCount "62"]
[EventDate "2008.08.13"]
[EventType "team"]
[EventCountry "ESP"]
[Source "lmi"]
[SourceDate "2008.08.13"]
[WhiteElo "2544"]
[BlackElo "2492"]

1. d4 d5 2. Nf3 Nf6 3. c4 c6 4. Qc2 a6 5. Bf4 g6 6. e3 Bf5 7. Qb3 b5 8. cxd5
Nxd5 9. Be5 f6 10. Bxb8 Rxb8 11. Nbd2 Qa5 12. Be2 Bh6 13. O-O Be6 14. Qc2 O-O
15. Nb3 Qc7 16. Nc5 Bc8 17. Rfe1 Rd8 18. Bf1 e6 19. g3 Bf8 20. Red1 Nb6 21.
Rac1 Qf7 22. Qb3 e5 23. Be2 Qxb3 24. Nxb3 Na4 25. Rxc6 Nxb2 26. Rb1 Nc4 27. Nc5
exd4 28. Bxc4+ Kh8 29. Nxd4 Rd6 30. Ne4 Bf5 31. Nxd6 Bxb1 1-0

[Event "España tch - Primera División Grupo 1"]
[Site "Burguillos ESP"]
[Date "2008.??.??"]
[Round "2.72"]
[White "Gonzalez Somoza, Oliver"]
[Black "Paz Ladron De Guevara, Daniel"]
[Result "0-1"]
[PlyCount "104"]
[EventDate "2008.08.13"]
[EventType "team"]
[EventCountry "ESP"]
[Source "lmi"]
[SourceDate "2008.08.13"]
[WhiteElo "2357"]
[BlackElo "2356"]

1. d4 e6 2. c4 f5 3. g3 Nf6 4. Bg2 Be7 5. Nh3 O-O 6. O-O d6 7. f4 e5 8. e3 c6
9. Nc3 e4 10. Rb1 a5 11. a3 d5 12. c5 b6 13. b4 Ba6 14. Re1 Bd3 15. Rb2 axb4
16. axb4 Ra1 17. Nf2 Bc4 18. Rb1 Ra7 19. Bb2 Nbd7 20. Ra1 Qa8 21. Qd2 Rb8 22.
Rxa7 Qxa7 23. Bh3 bxc5 24. bxc5 Qb7 25. Ncd1 g6 26. Bc3 h5 27. Nb2 Bb5 28. Ra1
Ra8 29. Rxa8+ Qxa8 30. Ba5 Qa7 31. Bf1 Qa6 32. Bxb5 Qxb5 33. Qb4 Qxb4 34. Bxb4
Bd8 35. h4 Kf8 36. Kf1 Ke7 37. Ke2 Nf8 38. Na4 Kd7 39. Nh3 Ne6 40. Ng5 Nxg5 41.
fxg5 Ng4 42. Nb6+ Bxb6 43. cxb6 Nh2 44. Be7 Nf3 45. Bf6 Kc8 46. Be5 c5 47. Bf6
cxd4 48. exd4 Kb7 49. Ke3 Kxb6 50. Be7 Kb5 51. Bd8 Kc4 52. Bb6 Ne1 0-1

[Event "España tch - Primera División Grupo 1"]
[Site "Burguillos ESP"]
[Date "2008.??.??"]
[Round "2.73"]
[White "Perez Pardo, Juan Carlos"]
[Black "Rabadan Velasco, Raul"]
[Result "1/2-1/2"]
[PlyCount "66"]
[EventDate "2008.08.13"]
[EventType "team"]
[EventCountry "ESP"]
[Source "lmi"]
[SourceDate "2008.08.13"]
[WhiteElo "2300"]
[BlackElo "2323"]

1. d4 d5 2. Nf3 Nc6 3. e3 Bg4 4. h3 Bh5 5. c4 e6 6. Nc3 Bb4 7. a3 Bxc3+ 8. bxc3
Nge7 9. cxd5 exd5 10. c4 O-O 11. cxd5 Nxd5 12. Bd2 Re8 13. Be2 Bxf3 14. gxf3
Qh4 15. Kf1 Rad8 16. f4 Nxf4 17. exf4 Nxd4 18. Bd3 Ne6 19. Qc2 Nd4 20. Qd1 Qf6
21. Rc1 c5 22. Rg1 Qc6 23. Be3 g6 24. Qg4 Nf3 25. Ke2 Nxg1+ 26. Qxg1 b5 27. f5
c4 28. Bb1 Qd6 29. fxg6 Qd2+ 30. Kf3 Qd5+ 31. Ke2 Qd2+ 32. Kf3 Qd5+ 33. Ke2
Qd2+ 1/2-1/2

[Event "España tch - Primera División Grupo 1"]
[Site "Burguillos ESP"]
[Date "2008.??.??"]
[Round "2.74"]
[White "Naranjo Moreno, Antonio"]
[Black "Cuenca Jimenez, Francisco Javier"]
[Result "0-1"]
[PlyCount "98"]
[EventDate "2008.08.13"]
[EventType "team"]
[EventCountry "ESP"]
[Source "lmi"]
[SourceDate "2008.08.13"]
[WhiteElo "2286"]
[BlackElo "2130"]

1. e4 d5 2. exd5 Nf6 3. Nf3 Qxd5 4. Nc3 Qd8 5. Bc4 e6 6. O-O Be7 7. d4 c6 8.
Bf4 b5 9. Bd3 Bb7 10. a4 a6 11. Ne4 Nd5 12. Bd2 Nd7 13. b3 b4 14. Qe2 Qc7 15.
Nfg5 h6 16. Nh3 a5 17. Qg4 O-O-O 18. Qe2 g5 19. c4 N5f6 20. f4 g4 21. Nhf2 Nxe4
22. Nxe4 Nf6 23. d5 Nxe4 24. Qxe4 Bc5+ 25. Kh1 cxd5 26. cxd5 Rxd5 27. Be1 Rhd8
28. Be2 Rd1 29. Qxb7+ Kxb7 30. Rxd1 Rxd1 31. Bxd1 h5 32. Be2 Qd6 33. Bg3 Qd2
34. Bc4 Bd6 35. Be1 Qd4 36. f5 exf5 37. Rxf5 f6 38. Bh4 Be5 39. Bg3 Qe4 40. Rf1
Bxg3 41. hxg3 Qe5 42. Rf4 h4 43. Rf1 hxg3 44. Rd1 Qh5+ 45. Kg1 Qh2+ 46. Kf1
Qh1+ 47. Ke2 Qxg2+ 48. Ke3 Qf2+ 49. Kd3 g2 0-1

[Event "España tch - Primera División Grupo 1"]
[Site "Burguillos ESP"]
[Date "2008.??.??"]
[Round "2.74"]
[White "Tamayo Romay, Javier"]
[Black "Naranjo Moreno, Antonio"]
[Result "0-1"]
[PlyCount "78"]
[EventDate "2008.08.13"]
[EventType "team"]
[EventCountry "ESP"]
[Source "lmi"]
[SourceDate "2008.08.13"]
[WhiteElo "2217"]
[BlackElo "2286"]

1. e4 e5 2. Nf3 Nc6 3. Bc4 Nf6 4. d4 exd4 5. O-O Nxe4 6. Re1 d5 7. Bxd5 Qxd5 8.
Nc3 Qa5 9. Nxe4 Be6 10. Bd2 Qd5 11. Bg5 Be7 12. Bxe7 Kxe7 13. c4 Qxc4 14. Rc1
Qd5 15. Rc5 Qd7 16. Rg5 Kf8 17. Qc1 h6 18. Nc5 Qd6 19. Nxb7 Qb4 20. Rc5 Nd8 21.
Nxd8 Rxd8 22. a3 Qb6 23. Rc6 Qa5 24. b4 Qd5 25. Re5 Qa2 26. Rc2 Qb3 27. Nd2 Qd3
28. Rxc7 Kg8 29. Rxa7 Kh7 30. h3 Rc8 31. Rc5 Rxc5 32. bxc5 Qc3 33. Qb1+ d3 34.
Ne4 Qc2 35. Qe1 Rb8 36. Qe3 Rb2 37. Ng5+ hxg5 38. Qe4+ g6 39. Kh2 Qxf2 0-1